SWOT outlook on OIC member countries 2012.
| Corporate Author: | |
|---|---|
| Format: | Book |
| Published: |
Ankara, Turkey:
SESRIC,
2012.
|
| Subjects: |
| LEADER | 00522cam a2200145 7i4500 | ||
|---|---|---|---|
| 001 | 0000029095 | ||
| 005 | 20131025090000.0 | ||
| 020 | 0 | 0 | |a 9789756427286 |
| 090 | 0 | 0 | |a STAT 310.9 |b STA |
| 110 | 2 | 0 | |a The Statistics Economic and Social Research and Training Centre for Islamic Countries (SESRIC) |
| 245 | 2 | 0 | |a SWOT outlook on OIC member countries 2012. |
| 260 | 0 | 0 | |a Ankara, Turkey: |b SESRIC, |c 2012. |
| 300 | # | # | |a 34 p. |
| 650 | 0 | 0 | |a Economic conditions -- |x OIC member countries |
| 999 | |a B000032958 |b Book |c Statistics |e Business Information Centre | ||


